Statistiken für Schnelle Mathematik - Zahlen Level 06

Klicken Sie hier um das Quiz zu spielen!

Allgemein

  • Dieses Quiz wurde 130 mal gespielt
  • Das Durchschnittsergebnis liegt bei 17 aus 20

Antwortstatistiken

ZahlZahl% Korrekt
55
100%
22
96%
33
96%
00
95%
33
95%
88
95%
77
94%
22
92%
99
92%
11
91%
44
91%
88
91%
00
90%
33
90%
66
90%
77
90%
88
90%
00
88%
11
88%
44
88%
55
88%
55
88%
77
88%
88
88%
44
87%
66
87%
11
86%
22
86%
33
86%
55
86%
88
86%
99
86%
11
85%
55
85%
66
84%
77
84%
00
83%
00
83%
99
83%
99
83%
99
83%
11
82%
22
82%
22
82%
33
80%
33
80%
44
80%
66
80%
22
79%
44
79%
77
79%
11
78%
66
78%
99
78%
66
77%
00
76%
44
75%
55
75%
88
70%
77
68%

Verteilung der Resultate

Perzentil nach korrekt beantworteten Fragen

Anzahl Personen mit jedem Resultat

Ihre Resultats-Entwicklung

Sie haben dieses Quiz noch nicht gespielt